00791nam a22002417a 45000010005000000030009000050050017000140080041000310200015000720200015000870400028001020820020001301000019001502450073001692500030002422600044002723000045003164900062003615040051004236500025004746500025004997000025005245181BD-DhUAP20200308103426.0200308s1977 nyua b 001 0 eng d a0070857881 a0070629218 aDLCcDLCdBD-DhUAPbEng00223a621.381 TAU1 aTaub, Herbert.10aDigital integrated electronics /cHerbert Taub and Donald Schilling. aTata McGraw-Hill Edition. aNew York :bMcGraw-Hill,cc1977 [2008]. axx, 650 pages :billustrations ;c24 cm.0 aMcGraw-Hill electrical and electronic engineering series. aIncludes bibliographical references and index. 0aDigital electronics. 0aIntegrated circuits.1 aSchilling, Donald L.